000
00279nam a2200121Ia 4500
008
220216s9999 xx 000 0 und d
100
_a
Dutia Pankaj
245
0
_a
Carbon black industry
260
_b
Rubber News
_c
1996
300
_a
32-35
650
_a
Carbon black
942
_c
JS
999
_c
55111
_d
55111